Les pilotes de Formule 1 (2025) - Statistiques

Statistiques générales
  • Ce quiz a été pris 290 fois
    80 depuis la dernière actualisation
  • Le résultat moyen est 19 sur 21
Statistiques - réponses
Écurie Nationalité Réponse % Correct
Ferrari Monaco Charles Leclerc
100%
Ferrari Royaume-Uni Lewis Hamilton
100%
Red Bull Pays-Bas Max Verstappen
100%
Haas France Esteban Ocon
97%
Alpine France Pierre Gasly
97%
McLaren Royaume-Uni Lando Norris
96%
McLaren Australie Oscar Piastri
96%
Red Bull Japon Yuki Tsunoda
95%
Williams Espagne Carlos Sainz
91%
Aston Martin Espagne Fernando Alonso
91%
Racing Bulls France Isack Hadjar
91%
Mercedes Royaume-Uni George Russell
86%
Mercedes Italie Kimi Antonelli
86%
Aston Martin Canada Lance Stroll
86%
Sauber Allemagne Nico Hülkenberg
84%
Williams Thaïlande Alexander Albon
81%
Racing Bulls Nouvelle-Zélande Liam Lawson
80%
Haas Royaume-Uni Oliver Bearman
80%
Alpine Argentine Franco Colapinto
78%
Sauber Brésil Gabriel Bortoleto
74%
Alpine Australie Jack Doohan
69%
Aucun quiz correspondant
Distribution des résultats
% des personnes avec chaque résultat
Percentile par nombre de réponses
Votre historique - résultats
Vous n’avez pas pris ce quiz depuis la dernière actualisation